Hakça paylaşmak için toplumsal adalet: (Record no. 15226)

MARC details
000 -BAŞLIK
Sabit Uzunlukta Kontrol Alanı 00843nam a22002417a 4500
999 ## - SİSTEM KONTROL NUMARALARI (KOHA)
Koha Biblionumber 15226
Koha Biblioitemnumber 15226
003 - KONTROL NUMARASI IDENTIFIER
Denetim Alanı MIRAKIL
005 - SON İŞLEM TARİHİ VE ZAMANI
Denetim Alanı 20230427113603.0
008 - SABİT-BOY VERİ ELEMANLARI - GENEL BİLGİLER
Sabit Uzunlukta Kontrol Alanı 230427b tu ||||| |||| 00| 0 tur d
020 ## - ULUSLARARASI STANDART KİTAP NUMARASI
Uluslararası Standart Kitap Numarası 9789944613262
040 ## - KATALOGLAMA KAYNAK
Orijinal Kataloglama Ajansı TR-AnCHP
Metne Dönüştürmek Ajansı TR-AnCHP
041 ## - DİL KODU
Metin / Ses Parça Veya Ayrı Başlığın Dil Kodu tur
082 ## - DEWEY ONLU SINIFLANDIRMA NUMARASI
Sınıflandırma Numarası CHP 320.9561
Ürün Numarası H24 2023
245 10 - BAŞLIK TABLOSU
Başlık Hakça paylaşmak için toplumsal adalet:
Başlığın Kalan Kemal Kılıçdaroğlu/
Sorumluluk Tablosu, Vb yayına hazırlayan : Yunus Emre
246 ## - UNVAN FORM VARYING
Başlık Doğru / Kısa Başlığı Makale, söyleşi ve konuşmalar
260 ## - YAYIN, DAĞITIM, VB
Yayın, Dağıtım, Vb Yeri İstanbul:
Yayıncı, Dağıtıcı, Vs Adı Tekin Yayınevi,
Yayın, Dağıtım, Vb Tarihi 2023.
300 ## - FİZİKSEL TANIM
Kapsam 652 s.:
Diğer Fiziksel Ayrıntıları tbl.;
Boyutlar 23 sm.
490 0# - SERİSİ TABLOSU
Seri Beyanı Tekin yayınevi;
Hacim / Ardışık Tanımı 835.
600 14 - KONU KATMA GİRİŞ - KURUMSAL ADI
9 (RLIN) 1477
Kişisel Ad Kılıçdaroğlu, Kemal
Başlıklar Ve Bir Adla İlişkili Diğer Kelimeler CHP Genel Başkanı
Bir Adıyla İlişkilendirilen Tarihler 1948-
Genel Alt Bölümü Söylev ve demeçler
650 #0 - KONU KATMA GİRİŞ - TOPİKAL DÖNEM
9 (RLIN) 9
Topikal Süreli Veya Coğrafi Ad Giriş Elemanı Siyaset ve yönetim
Genel Alt Bölümü Türkiye
700 ## - KATMA GİRİŞ - KİŞİSEL İSİM
9 (RLIN) 5072
Kişisel Ad Emre, Yunus
Relator Terim yay. haz.
740 ## - KATMA GİRİŞ - KONTROLSUZ İLGİLİ / ANALİTİK BAŞLIK
Kontrol Edilmeyen / İlgili Analitik Başlıktaki Makale, söyleşi ve konuşmalar
942 ## - EKLENDİ GİRİŞ ELEMANLARI (KOHA)
Sınıflandırma Veya Raf Düzeni Kaynak Dewey Decimal Classification
Koha Öğesi Türü Books
Holdings
Kalıcı Konum Mevcut Konum Edinme Tarihi Toplam Check-Out'Lar Tam Çağrı Numarası Barkod Tarih Son Görülme İtibaren Geçerli Fiyatlar Koha Öğesi Türü
CHP Kütüphanesi CHP Kütüphanesi 04/27/2023   CHP 320.9561 H24 2023 020819 04/27/2023 04/27/2023 Books
CHP Kütüphanesi CHP Kütüphanesi 02/29/2024   CHP 320.9561 H24 2023 21357 02/29/2024 02/29/2024 Books